000 00339nam a2200133Ia 4500
008 240624s9999 xx 000 0 und d
041 _aeng
082 _a330.122 KOT
100 _aKOTLER PHILIP
245 _aCONFRONTING CAPITALISM REAL SOLUTIONS FO
260 _c2015
_aNew York
_bAmacom
300 _avi, 248 p.; 23 cm.
365 _c
_b33
999 _c32161
_d32161